Phillipines Quiz - Statistics

General Stats
  • This quiz has been taken 257 times
  • The average score is 3 of 10
Answer Stats
Hint Answer % Correct
Country that Gave Its Name Spain
90%
Country that gave Independece USA
74%
How Many republic are there 5
26%
Letters on old flag KKK
23%
Empire that colonized Spanish Empire
20%
Empire that colonized Japanese empire
19%
Group joind ASEAN
16%
War participaded Korean War
14%
What is the Current Republic 5th republic
2%
War participaded Vietnamese War
2%
No matching quizzes found
Score Distribution
Percent of People with Each Score
Percentile by Number Answered
Your Score History
You have not taken this quiz